000 00648nam a22001457a 4500
999 _c525969
_d525969
008 240429b ||||| |||| 00| 0 eng d
100 _aPelton, M. Lee
_944748
245 _aDaniels, Ronald J. What universities owe democracy
260 _aJournal of Economic Literature
300 _a62(1). Mar, 2024: p320-323
520 _aPelton, M Lee. 2024. "Daniels, Ronald J. What Universities Owe Democracy." Journal of Economic Literature, 62 (1): 320-23.DOI: 10.1257/jel.62.1.317.r3. Reproduced https://www.aeaweb.org/articles?id=10.1257/jel.62.1.317.r3
773 _aJournal of Economic Literature
906 _aBOOK REVIEW
942 _cAR